[Event "2 Этап Кубка Москвы"]
[Site "Moscow"]
[Date "2017.04.23"]
[Round "5.14"]
[White "Magomedov, Rustam"]
[Black "Solozhenkin, Sevastyan"]
[Result "0-1"]
[WhiteElo "1635"]
[BlackElo "1243"]
[PlyCount "68"]
[EventDate "2017.04.15"]

1. e4 e6 2. Nc3 d5 3. Nf3 Nf6 4. e5 Nfd7 5. d4 c5 6. Bf4 Qb6 7. Nb5 a6 8. Nd6+
Bxd6 9. exd6 cxd4 10. Qxd4 Qxd4 11. Nxd4 e5 12. Nf5 exf4 13. O-O-O Nf6 14. Re1+
Kf8 15. Bd3 Nc6 16. Ne7 Be6 17. Bf5 Nxe7 18. Bxe6 fxe6 19. Rxe6 Nc6 20. Rhe1
Rd8 21. g4 fxg3 22. hxg3 Ne4 23. f3 Nxd6 24. Rh1 Kf7 25. Ree1 Rhe8 26. Rd1 Nf5
27. Rxh7 Nxg3 28. Kb1 Rh8 29. Rxh8 Rxh8 30. a3 Rh1 31. Rxh1 Nxh1 32. Kc1 Nd4
33. f4 Ne2+ 34. Kd1 Nxf4 0-1

[Event "2 Этап Кубка Москвы"]
[Site "Moscow"]
[Date "2017.04.25"]
[Round "6.1"]
[White "Kozlov, Vladimir N"]
[Black "Losev, Dmitry"]
[Result "1-0"]
[WhiteElo "2253"]
[BlackElo "2170"]
[PlyCount "40"]
[EventDate "2017.04.15"]

1. d4 g6 2. e4 Bg7 3. Nf3 d6 4. Be2 Nf6 5. Nc3 a6 6. O-O O-O 7. Re1 Nc6 8. d5
Na7 9. a4 Bd7 10. Be3 Re8 11. Qd2 c6 12. h3 Qc7 13. Bf1 b5 14. dxc6 Bxc6 15.
Bxa7 Rxa7 16. axb5 axb5 17. Rxa7 Qxa7 18. Nxb5 Qa8 19. Nbd4 Qb7 20. Qd3 Qb4 1-0

[Event "2 Этап Кубка Москвы"]
[Site "Moscow"]
[Date "2017.04.25"]
[Round "6.2"]
[White "Mamatov, Melis"]
[Black "Kovtunenko, Alexandr"]
[Result "0-1"]
[WhiteElo "2188"]
[BlackElo "2097"]
[PlyCount "70"]
[EventDate "2017.04.15"]

1. c4 Nf6 2. b3 g6 3. Bb2 Bg7 4. Nf3 O-O 5. d3 d6 6. Nbd2 e5 7. a3 Nh5 8. e3 f5
9. Qc2 f4 10. Be2 fxe3 11. fxe3 Bh6 12. Nf1 Qe7 13. h3 Bf5 14. g4 e4 15. gxf5
exf3 16. Bxf3 Rxf5 17. Bd5+ Rxd5 18. cxd5 Bxe3 19. Kd1 Bh6 20. Nh2 Nd7 21. Re1
Ne5 22. Ng4 Bf4 23. Nxe5 dxe5 24. Bxe5 Bxe5 25. d4 Qh4 26. Re4 Bf4 27. d6 Qxh3
28. Qc4+ Kh8 29. Kc2 cxd6 30. Rae1 Nf6 31. Re6 d5 32. Qb5 Rc8+ 33. Kb1 a6 34.
Qxb7 Rb8 35. R6e3 Qf5+ 0-1

[Event "2 Этап Кубка Москвы"]
[Site "Moscow"]
[Date "2017.04.25"]
[Round "6.3"]
[White "Vekerchuk, Maxim"]
[Black "Borisov, Evgenij"]
[Result "1/2-1/2"]
[WhiteElo "2061"]
[BlackElo "2113"]
[PlyCount "54"]
[EventDate "2017.04.15"]

1. Nf3 d6 2. d4 Bg4 3. e4 Nf6 4. Nc3 e6 5. Be2 Be7 6. O-O c6 7. h3 Bxf3 8. Bxf3
d5 9. Re1 O-O 10. Bf4 Nbd7 11. a3 dxe4 12. Nxe4 Nxe4 13. Bxe4 Nf6 14. Bd3 c5
15. dxc5 Bxc5 16. Qf3 Qb6 17. b4 Bd4 18. Rad1 Rfd8 19. c4 a5 20. c5 Qc6 21.
Qxc6 bxc6 22. Bc7 Rd7 23. Bxa5 Bxc5 24. Bc2 Bd4 25. Ba4 Ra6 26. Rc1 Rd6 27. Bc7
Rd7 1/2-1/2

[Event "2 Этап Кубка Москвы"]
[Site "Moscow"]
[Date "2017.04.25"]
[Round "6.4"]
[White "Prokopchuk, Yury"]
[Black "Voronkov, Denis"]
[Result "1-0"]
[WhiteElo "2263"]
[BlackElo "2149"]
[PlyCount "137"]
[EventDate "2017.04.15"]

1. Nf3 Nf6 2. c4 c5 3. Nc3 e6 4. g3 b6 5. Bg2 Bb7 6. O-O Be7 7. d4 cxd4 8. Qxd4
d6 9. b3 O-O 10. Bb2 a6 11. Rfd1 Nbd7 12. Ng5 Bxg2 13. Kxg2 Qc7 14. Nge4 Rfd8
15. Rac1 Rac8 16. Nxd6 Qc6+ 17. f3 Rb8 18. Nde4 Nc5 19. Qe5 Nfd7 20. Nd5 Nxe5
21. Nxe7+ Kf8 22. Nxc6 Nxc6 23. Nxc5 bxc5 24. Ba3 Nb4 25. Kf2 a5 26. Ke1 Ke7
27. Rxd8 Rxd8 28. Bb2 f6 29. a3 Nc6 30. Bc3 Rb8 31. Rb1 a4 32. b4 Na5 33. Ra1
Nxc4 34. bxc5 Kd7 35. Rd1+ Kc7 36. Rd4 Rb1+ 37. Kf2 Nxa3 38. Rxa4 Nb5 39. Ba5+
Kc6 40. Rh4 h6 41. Rg4 g5 42. Rc4 Rb2 43. Bd8 e5 44. Bxf6 Nd4 45. Bxe5 Rxe2+
46. Kf1 Rxe5 47. Rxd4 Kxc5 48. Rd8 Re3 49. Kg2 Ra3 50. g4 Ra6 51. Kg3 Rf6 52.
h3 Kc4 53. Rd7 Kc5 54. Rd3 Kc4 55. Ra3 Kd4 56. h4 gxh4+ 57. Kxh4 Ke5 58. Ra5+
Kf4 59. Kh5 Ke3 60. Rf5 Rb6 61. Rf8 Ra6 62. f4 Ke4 63. f5 Kf4 64. f6 Rb6 65.
Kxh6 Kxg4 66. Kg6 Rb5 67. Ra8 Rb6 68. Rc8 Kf4 69. Rc5 1-0

[Event "2 Этап Кубка Москвы"]
[Site "Moscow"]
[Date "2017.04.25"]
[Round "6.5"]
[White "Yudkevich, Mikhail"]
[Black "Alperin, Volt"]
[Result "1-0"]
[WhiteElo "2062"]
[BlackElo "2182"]
[PlyCount "77"]
[EventDate "2017.04.15"]

1. d4 d5 2. c4 dxc4 3. e4 e5 4. Nf3 exd4 5. Bxc4 Nc6 6. O-O Be6 7. Bxe6 fxe6 8.
Qb3 Qd7 9. Qxb7 Rb8 10. Qa6 Nf6 11. Nbd2 Bb4 12. Qd3 Bxd2 13. Bxd2 Rxb2 14. e5
Nd5 15. Bc1 Rb6 16. Ba3 Ndb4 17. Bxb4 Rxb4 18. Rac1 O-O 19. Rc5 Ne7 20. a3 Rb6
21. Ng5 Rf5 22. f4 h6 23. Ne4 Nd5 24. g3 Ne3 25. Rfc1 Rf7 26. Rxc7 Qxc7 27.
Rxc7 Rxc7 28. Qxd4 Rc1+ 29. Kf2 Rc2+ 30. Kf3 Nd5 31. Qa4 Rc7 32. h4 Nc3 33.
Qe8+ Kh7 34. Nd6 Rb3 35. Qxe6 Nb5+ 36. Ke4 Nxd6+ 37. exd6 Rcc3 38. Qf5+ Kg8 39.
Kd4 1-0

[Event "2 Этап Кубка Москвы"]
[Site "Moscow"]
[Date "2017.04.25"]
[Round "6.6"]
[White "Skvortsov, Aleksandr"]
[Black "Kedrov, Valery V"]
[Result "1-0"]
[WhiteElo "2055"]
[BlackElo "2150"]
[PlyCount "129"]
[EventDate "2017.04.15"]

1. e4 c5 2. Nf3 g6 3. d4 cxd4 4. Qxd4 Nf6 5. e5 Nc6 6. Qa4 Nd5 7. c4 Nc7 8. Bd2
Bg7 9. Bc3 O-O 10. Be2 d5 11. exd6 Qxd6 12. Bxg7 Kxg7 13. O-O Bd7 14. Qa3 Qxa3
15. Nxa3 e5 16. Rfd1 Be6 17. Nb5 Rac8 18. Kf1 a6 19. Nd6 Rb8 20. Rac1 Rfd8 21.
a3 f6 22. b4 Kf8 23. Ke1 Ke7 24. c5 Ne8 25. Nc4 Rxd1+ 26. Rxd1 Rd8 27. Rxd8
Kxd8 28. Kd2 Kc7 29. Kc3 Ne7 30. Ne3 Nd5+ 31. Nxd5+ Bxd5 32. Ne1 Ng7 33. Bc4
Kc6 34. Bxd5+ Kxd5 35. Nc2 Nf5 36. g4 Ne7 37. f3 f5 38. Ne3+ Kc6 39. Kc4 f4 40.
Nd1 Nd5 41. Kd3 Kd7 42. Nf2 h6 43. h4 Kc6 44. Ne4 Kd7 45. Nd6 b6 46. Nf7 Ke6
47. Nxh6 bxc5 48. bxc5 Nc7 49. g5 Kd5 50. Nf7 Ne6 51. c6 e4+ 52. fxe4+ Kxc6 53.
Ne5+ Kb5 54. Nxg6 Ka4 55. Ne5 Kxa3 56. g6 Ng7 57. Nc6 Ka4 58. Nd4 a5 59. Nf5
Nh5 60. g7 Nf6 61. e5 Ng8 62. e6 f3 63. e7 Nf6 64. e8=Q+ Nxe8 65. g8=Q 1-0

[Event "2 Этап Кубка Москвы"]
[Site "Moscow"]
[Date "2017.04.25"]
[Round "6.7"]
[White "Tagirov, Kajum K"]
[Black "Melikidze, Valeriy"]
[Result "0-1"]
[WhiteElo "1886"]
[BlackElo "2060"]
[PlyCount "102"]
[EventDate "2017.04.15"]

1. b4 a5 2. b5 b6 3. Bb2 Bb7 4. e3 Nf6 5. Nf3 g6 6. Be2 Bg7 7. O-O O-O 8. c4 d6
9. d4 Nbd7 10. Nbd2 Re8 11. d5 e5 12. Kh1 Nc5 13. a4 Bc8 14. Nb3 Nfe4 15. Nfd2
Nxb3 16. Nxb3 f5 17. Nd2 Nf6 18. Qc2 h5 19. Rae1 Qe7 20. Nf3 Bh6 21. Bc1 Kg7
22. Qd1 Bd7 23. Nd2 Ng4 24. Kg1 Qf7 25. h3 Nf6 26. f4 Re7 27. Bd3 Rae8 28. Bb1
exf4 29. exf4 Rxe1 30. Rxe1 Rxe1+ 31. Qxe1 Bxf4 32. Qf2 Bh6 33. Bb2 Qe7 34. Nf1
Kf7 35. Bd3 Bg7 36. Ng3 Kg8 37. Kh1 Ne8 38. Bc1 Qh4 39. Qf3 Qd4 40. Ne2 Qa1 41.
g3 Bb2 42. Qe3 Bxc1 43. Qxc1 Qxa4 44. Nf4 Kf7 45. g4 hxg4 46. hxg4 Qb3 47. Qd2
Ng7 48. g5 a4 49. Qf2 Qc3 50. Ne6 Nxe6 51. dxe6+ Bxe6 0-1

[Event "2 Этап Кубка Москвы"]
[Site "Moscow"]
[Date "2017.04.25"]
[Round "6.11"]
[White "Pavlov, Mark"]
[Black "Elyshev, Lev"]
[Result "0-1"]
[WhiteElo "1787"]
[BlackElo "1782"]
[PlyCount "126"]
[EventDate "2017.04.15"]

1. d4 f6 2. e4 e6 3. Nc3 Bb4 4. Nf3 d5 5. e5 c5 6. Bd3 Nc6 7. Be3 Qc7 8. O-O
Bxc3 9. bxc3 c4 10. Be2 fxe5 11. Nxe5 Nxe5 12. dxe5 Qxe5 13. Bd4 Qc7 14. Bh5+
Kd8 15. Qf3 Qe7 16. Qe3 b6 17. f4 Nf6 18. Bf3 Bb7 19. Rae1 Re8 20. g4 Rc8 21.
g5 Nd7 22. Bh5 g6 23. Bg4 Rc6 24. Rf2 Qf7 25. Rfe2 Bc8 26. h4 Kc7 27. Qh3 Nc5
28. Qh2 Kb8 29. h5 Ne4 30. hxg6 hxg6 31. Re3 Ka8 32. Bf3 Nd6 33. Bf6 Rc5 34.
Qg2 Nf5 35. Re5 Nh4 36. Qg3 Nxf3+ 37. Qxf3 Bb7 38. Qh3 Rc6 39. Qg4 Rd6 40. R1e3
Qd7 41. Qh3 Qc6 42. Qf3 Qc5 43. Qe2 b5 44. Kh2 Qc6 45. Qf3 Qd7 46. Qg4 d4 47.
cxd4 Rxd4 48. Re2 Rd1 49. Re1 Rxe1 50. Rxe1 Qd5 51. Rd1 Qf5 52. Qxf5 exf5 53.
Be5 Be4 54. c3 Bd3 55. Kg3 Kb7 56. Rh1 Kc6 57. Rh7 a5 58. Ra7 a4 59. Ra6+ Kd5
60. Rxg6 Rxe5 61. fxe5 f4+ 62. Kxf4 Bxg6 63. a3 Ke6 0-1

[Event "2 Этап Кубка Москвы"]
[Site "Moscow"]
[Date "2017.04.25"]
[Round "6.12"]
[White "Grigoryev, Vladislav"]
[Black "Magomedov, Rustam"]
[Result "1-0"]
[WhiteElo "1837"]
[BlackElo "1635"]
[PlyCount "65"]
[EventDate "2017.04.15"]

1. e4 c5 2. Nf3 d6 3. Bb5+ Bd7 4. Bxd7+ Qxd7 5. O-O g6 6. c3 Bg7 7. d4 cxd4 8.
cxd4 Nc6 9. Nc3 Nf6 10. Re1 O-O 11. h3 e5 12. Be3 Na5 13. Qd3 Rfe8 14. Rad1 d5
15. dxe5 dxe4 16. Qf1 exf3 17. Rxd7 Nxd7 18. Bf4 a6 19. Nd5 fxg2 20. Kxg2 Rac8
21. e6 fxe6 22. Nc7 Re7 23. Nxe6 Bxb2 24. Ng5 Rce8 25. Rxe7 Rxe7 26. Qd3 Kh8
27. Bd6 Re8 28. Qd5 Nc6 29. Qf7 Nf6 30. Bf8 Re7 31. Bxe7 Nd8 32. Bxf6+ Bxf6 33.
Qxf6+ 1-0

[Event "2 Этап Кубка Москвы"]
[Site "Moscow"]
[Date "2017.04.25"]
[Round "6.13"]
[White "Melnik, Alexander"]
[Black "Kamennov, Pavel"]
[Result "1-0"]
[WhiteElo "1813"]
[BlackElo "1695"]
[PlyCount "91"]
[EventDate "2017.04.15"]

1. e4 c5 2. Nf3 d6 3. d4 cxd4 4. Nxd4 Nf6 5. Nc3 a6 6. Be2 e6 7. O-O Be7 8. f4
Nbd7 9. Be3 Qc7 10. Qe1 O-O 11. Qg3 Kh8 12. Rad1 b5 13. Bf3 Rb8 14. e5 dxe5 15.
fxe5 Nxe5 16. Bf4 Bd6 17. Ndxb5 axb5 18. Rxd6 Qc5+ 19. Kh1 Nxf3 20. Qxf3 e5 21.
Rxf6 Bb7 22. Be3 Qc4 23. Qf5 b4 24. Rxf7 Rxf7 25. Qxf7 Qxf7 26. Rxf7 bxc3 27.
Rxb7 Rxb7 28. b3 Kg8 29. Kg1 Kf7 30. Kf2 Ke6 31. Ke2 Kd5 32. a4 h6 33. a5 g5
34. a6 Rb8 35. a7 Rc8 36. Kd3 e4+ 37. Ke2 Kc6 38. b4 Kb5 39. Bc5 Kc4 40. Ke3
Re8 41. Bd6 Ra8 42. Bb8 Kxb4 43. Kxe4 Kc4 44. g4 Kc5 45. Kd3 Kb4 46. Kd4 1-0

[Event "2 Этап Кубка Москвы"]
[Site "Moscow"]
[Date "2017.04.27"]
[Round "7.1"]
[White "Kovtunenko, Alexandr"]
[Black "Kozlov, Vladimir N"]
[Result "1-0"]
[WhiteElo "2097"]
[BlackElo "2253"]
[PlyCount "77"]
[EventDate "2017.04.15"]

1. e4 c5 2. Nf3 e6 3. d4 cxd4 4. Nxd4 a6 5. Bd3 Ne7 6. Nc3 Nec6 7. Nb3 d6 8.
Be3 Nd7 9. a4 b6 10. f4 Be7 11. O-O O-O 12. Qf3 Bb7 13. Qh3 Nb4 14. f5 Nxd3 15.
cxd3 exf5 16. Rxf5 g6 17. Bh6 Bc8 18. Qe3 Re8 19. Rf2 Ne5 20. h3 Be6 21. Nd4
Bf8 22. Raf1 Bxh6 23. Qxh6 Ra7 24. Rf4 Nxd3 25. Rh4 f6 26. Nc6 Qc7 27. Nxa7
Qxa7 28. Rxf6 Qg7 29. Qg5 Ne5 30. Rhf4 h6 31. Qg3 Kh7 32. Rf2 Qc7 33. Nd5 Bxd5
34. exd5 Qc5 35. Qc3 Qxd5 36. Qc7+ Kg8 37. Rxd6 Qa8 38. Qxb6 Qe4 39. Rd8 1-0

[Event "2 Этап Кубка Москвы"]
[Site "Moscow"]
[Date "2017.04.27"]
[Round "7.2"]
[White "Losev, Dmitry"]
[Black "Vekerchuk, Maxim"]
[Result "1-0"]
[WhiteElo "2170"]
[BlackElo "2061"]
[PlyCount "129"]
[EventDate "2017.04.15"]

1. e4 e5 2. Nf3 Nf6 3. Nxe5 d6 4. Nd3 Nxe4 5. Qe2 Qe7 6. b3 Nf6 7. Bb2 Qxe2+ 8.
Bxe2 Be7 9. Na3 c6 10. O-O-O O-O 11. Nc4 d5 12. Ne3 a5 13. g4 a4 14. Rhg1 axb3
15. axb3 Ba3 16. f4 Bxb2+ 17. Kxb2 Na6 18. Bf3 Re8 19. Rde1 Ne4 20. Bxe4 dxe4
21. Nc4 Bxg4 22. Nde5 Be6 23. Nd6 Re7 24. f5 Bd5 25. f6 Rxe5 26. Rxg7+ Kh8 27.
d4 Rh5 28. Rxe4 Rh6 29. Nxf7+ Bxf7 30. Rxf7 b5 31. Ra7 Rf8 32. Rxa6 Rhxf6 33.
Ra7 Rd8 34. Rh4 h6 35. Re4 Rfd6 36. Kc3 Rf6 37. Kb4 Rf2 38. c3 Rxh2 39. Re6 Rc8
40. Ree7 Rh5 41. Rh7+ Kg8 42. Rag7+ Kf8 43. Rc7 Rxc7 44. Rxc7 Rf5 45. Rxc6 h5
46. c4 bxc4 47. bxc4 Kg7 48. d5 h4 49. Re6 h3 50. Re1 h2 51. d6 Rf2 52. d7 Rd2
53. Rh1 Kf6 54. Rxh2 Rxd7 55. Re2 Rb7+ 56. Ka5 Rb1 57. c5 Kf7 58. c6 Rb3 59. c7
Rc3 60. Kb6 Rb3+ 61. Kc6 Rc3+ 62. Kd7 Rd3+ 63. Kc8 Rb3 64. Re4 Rb1 65. Kd7 1-0

[Event "2 Этап Кубка Москвы"]
[Site "Moscow"]
[Date "2017.04.27"]
[Round "7.3"]
[White "Prokopchuk, Yury"]
[Black "Yudkevich, Mikhail"]
[Result "1-0"]
[WhiteElo "2263"]
[BlackElo "2062"]
[PlyCount "95"]
[EventDate "2017.04.15"]

1. Nf3 d5 2. g3 Nf6 3. Bg2 Bg4 4. c4 c6 5. cxd5 cxd5 6. O-O Nc6 7. d4 e6 8. Ne5
Nxe5 9. dxe5 Nd7 10. Nc3 Bc5 11. Qa4 Bh5 12. e4 d4 13. Nb5 Be2 14. Re1 Bxb5 15.
Qxb5 O-O 16. f4 Rc8 17. Kh1 Bb6 18. b4 Rc2 19. Qd3 Qc7 20. Bd2 Rc8 21. Rac1 Nb8
22. Bf1 Rxc1 23. Rxc1 Qxc1 24. Bxc1 Rxc1 25. a4 a6 26. a5 Ba7 27. b5 Bc5 28.
Kg2 g6 29. f5 Nd7 30. bxa6 bxa6 31. fxe6 Nxe5 32. Qd2 Rc3 33. exf7+ Nxf7 34.
Bxa6 Ne5 35. Bb7 Nd3 36. Kh3 h5 37. Qh6 Kf7 38. Bd5+ Kf6 39. Kh4 Rc2 40. Qh8+
Ke7 41. Kg5 Ne1 42. Qf6+ Kd7 43. Qc6+ Kd8 44. Qa8+ Kd7 45. Qb7+ Kd8 46. Kf6 d3
47. Ke6 d2 48. Qd7# 1-0

[Event "2 Этап Кубка Москвы"]
[Site "Moscow"]
[Date "2017.04.27"]
[Round "7.4"]
[White "Melikidze, Valeriy"]
[Black "Mamatov, Melis"]
[Result "0-1"]
[WhiteElo "2060"]
[BlackElo "2188"]
[PlyCount "60"]
[EventDate "2017.04.15"]

1. d4 c5 2. d5 e6 3. c4 b5 4. dxe6 fxe6 5. cxb5 Nf6 6. Nf3 d5 7. e3 Bd6 8. Nc3
Bb7 9. a4 O-O 10. a5 a6 11. Bd2 e5 12. Na4 e4 13. Ng5 Qe7 14. Bc3 Kh8 15. Nb6
Ra7 16. Nh3 Be5 17. bxa6 Nxa6 18. Bxa6 Bxa6 19. Nxd5 Nxd5 20. Qxd5 Bxc3+ 21.
bxc3 Rd7 22. Qb3 Rb7 23. Qd5 Rd8 24. Qa2 Rdb8 25. Qd5 Qf6 26. f3 exf3 27. Rd1
Rb2 28. Rd2 Qxc3 29. Nf2 Qxe3+ 30. Kd1 Rb1+ 0-1

[Event "2 Этап Кубка Москвы"]
[Site "Moscow"]
[Date "2017.04.27"]
[Round "7.5"]
[White "Borisov, Evgenij"]
[Black "Skvortsov, Aleksandr"]
[Result "0-1"]
[WhiteElo "2113"]
[BlackElo "2055"]
[PlyCount "172"]
[EventDate "2017.04.15"]

1. d3 e5 2. c4 f5 3. g3 d5 4. Bg2 dxc4 5. Qa4+ c6 6. Qxc4 Qd6 7. Nf3 Be6 8. Qc2
Na6 9. a3 Nc5 10. Nbd2 a5 11. Nc4 Bxc4 12. Qxc4 h6 13. O-O Nd7 14. Be3 g5 15.
d4 e4 16. Ne5 Qd5 17. Qxd5 cxd5 18. Ng6 Rh7 19. Nxf8 Nxf8 20. Rfc1 Ne6 21. f3
h5 22. fxe4 fxe4 23. h4 g4 24. Bf2 Ne7 25. e3 Nf5 26. Bf1 Kd8 27. Rc3 Rc8 28.
Rb3 Rc2 29. Rb5 Rd7 30. Rxa5 Rxb2 31. Rc1 Nc7 32. Rac5 Nd6 33. Be1 Rf7 34. Bc3
Rb3 35. Bd2 Rxa3 36. Ba5 Rxa5 37. Rxa5 b5 38. Rc6 Kd7 39. Rc5 Nb7 40. Bxb5+ Kd8
41. Be2 Nxa5 42. Rxa5 Rf6 43. Ra1 Rb6 44. Ra3 Rb2 45. Kf1 Kd7 46. Ra5 Kc6 47.
Ra3 Kd6 48. Ra5 Kc6 49. Ra3 Ne8 50. Ra6+ Rb6 51. Ra8 Nd6 52. Rf8 Kd7 53. Kf2
Rb2 54. Rh8 Nf5 55. Rh7+ Ke6 56. Rh8 Nxg3 57. Kxg3 Rxe2 58. Rxh5 Rxe3+ 59. Kxg4
Rd3 60. Rh6+ Ke7 61. h5 Rxd4 62. Ra6 e3+ 63. Kf3 Re4 64. Ke2 d4 65. Ra1 Rh4 66.
Rd1 Kf6 67. Ra1 Rh2+ 68. Kf3 Rxh5 69. Ke4 Rh4+ 70. Kd3 Rf4 71. Ra8 Kg5 72. Rg8+
Kh4 73. Rg1 Rg4 74. Rd1 Kg3 75. Ke2 Rh4 76. Rg1+ Kf4 77. Kd3 Kf3 78. Rf1+ Kg2
79. Rf8 Kg3 80. Rf1 Rf4 81. Rd1 Kf2 82. Rh1 Rg4 83. Ra1 Rg1 84. Ra2+ Kf3 85.
Rh2 Rd1+ 86. Kc2 e2 0-1

[Event "2 Этап Кубка Москвы"]
[Site "Moscow"]
[Date "2017.04.27"]
[Round "7.7"]
[White "Alperin, Volt"]
[Black "Elyshev, Lev"]
[Result "1-0"]
[WhiteElo "2182"]
[BlackElo "1782"]
[PlyCount "63"]
[EventDate "2017.04.15"]

1. c4 c6 2. g3 d6 3. Bg2 Nd7 4. Nf3 e5 5. Nc3 Ngf6 6. O-O Be7 7. d4 O-O 8. c5
dxc5 9. dxe5 Ng4 10. Bf4 g5 11. e6 gxf4 12. exd7 Bxd7 13. gxf4 Qc7 14. e3 Rad8
15. Qc2 Kh8 16. Ne4 Bf5 17. Qc3+ f6 18. Nxc5 b6 19. Nh4 Bxc5 20. Nxf5 Qd7 21.
Qc2 Rg8 22. Rad1 Qe8 23. Rxd8 Qxd8 24. h3 Qe8 25. hxg4 Rxg4 26. Rd1 Rg8 27. Nh6
Rg7 28. Kf1 Bf8 29. Qf5 Rg6 30. Rd8 Qe7 31. Qc8 Kg7 32. Nf5+ 1-0

[Event "2 Этап Кубка Москвы"]
[Site "Moscow"]
[Date "2017.04.27"]
[Round "7.8"]
[White "Kedrov, Valery V"]
[Black "Voronkov, Denis"]
[Result "1-0"]
[WhiteElo "2150"]
[BlackElo "2149"]
[PlyCount "69"]
[EventDate "2017.04.15"]

1. e4 e6 2. d4 d5 3. Nc3 Nf6 4. Bd3 c5 5. exd5 exd5 6. Nf3 c4 7. Be2 Nc6 8. O-O
Bd6 9. b3 cxb3 10. axb3 h6 11. Nb5 Be7 12. Bf4 Bf5 13. Nc7+ Kf8 14. Nxa8 Qxa8
15. Ne5 Nd8 16. Bd3 Bxd3 17. Qxd3 Ne6 18. Be3 a6 19. c4 Qd8 20. c5 h5 21. b4 h4
22. b5 axb5 23. Qxb5 Qc8 24. Rfb1 Nd8 25. h3 Ne4 26. Qd7 Qxd7 27. Nxd7+ Kg8 28.
Ra8 Kh7 29. Nb6 Nf6 30. Bg5 Kg6 31. Bxf6 Bxf6 32. Nxd5 Bxd4 33. Rd1 Bxc5 34.
Nf4+ Kf5 35. Rd5+ 1-0

[Event "2 Этап Кубка Москвы"]
[Site "Moscow"]
[Date "2017.04.27"]
[Round "7.10"]
[White "Grigoryev, Vladislav"]
[Black "Tagirov, Kajum K"]
[Result "1/2-1/2"]
[WhiteElo "1837"]
[BlackElo "1886"]
[PlyCount "165"]
[EventDate "2017.04.15"]

1. e4 c5 2. Nf3 d6 3. Bb5+ Bd7 4. Bxd7+ Qxd7 5. O-O Nf6 6. Re1 e5 7. c3 Nc6 8.
d4 Qc7 9. Na3 Be7 10. Bg5 O-O 11. Qd2 Rae8 12. Bxf6 Bxf6 13. dxc5 dxc5 14. Nc4
Rd8 15. Qe2 g6 16. Ne3 Bg7 17. Nd5 Qc8 18. Qb5 Qe6 19. Qxb7 Rfe8 20. Ng5 Qd7
21. Qxd7 Rxd7 22. Rad1 Rb7 23. b3 h6 24. Nh3 g5 25. f3 a5 26. Ne3 Bf8 27. Nc4
Ra8 28. Nf2 a4 29. Nd6 Rbb8 30. Ng4 axb3 31. axb3 Rxb3 32. Nf6+ Kg7 33. Nfe8+
Kg6 34. Rd3 Ra2 35. Nc4 Rc2 36. Ned6 Rbxc3 37. Rxc3 Rxc3 38. Ra1 Rd3 39. Nf5 f6
40. Ra8 Rd8 41. Ra6 Nd4 42. Nxe5+ Kh7 43. Rxf6 Nxf5 44. Rxf5 Bg7 45. Nc4 Bd4+
46. Kf1 Rb8 47. g4 Rb4 48. Na5 Ra4 49. Nb3 Rc4 50. Nxd4 cxd4 51. Rd5 Rc3 52.
Ke2 Rc4 53. Kd3 Rc3+ 54. Kxd4 Rxf3 55. Rf5 Ra3 56. Rf2 Kg6 57. Ke5 Ra5+ 58. Ke6
Ra6+ 59. Kd5 Ra5+ 60. Kd4 Ra4+ 61. Ke3 Ra3+ 62. Ke2 Ra2+ 63. Kf3 Ra3+ 64. Ke2
Ra4 65. Kd3 Ra3+ 66. Kd2 Ra4 67. Re2 Kf6 68. Ke3 Ke5 69. Kf3 Ra1 70. Rb2 Ra3+
71. Kg2 Kxe4 72. Rf2 Ra6 73. Re2+ Kf4 74. h3 Rb6 75. Rf2+ Ke4 76. Ra2 Kf4 77.
Ra4+ Ke5 78. Ra5+ Ke4 79. Ra2 Kf4 80. Ra4+ Ke5 81. Ra3 Kf4 82. Rf3+ Ke4 83. Kg3
1/2-1/2

[Event "2 Этап Кубка Москвы"]
[Site "Moscow"]
[Date "2017.04.27"]
[Round "7.11"]
[White "Chapygin, Sergey"]
[Black "Melnik, Alexander"]
[Result "0-1"]
[WhiteElo "1914"]
[BlackElo "1813"]
[PlyCount "90"]
[EventDate "2017.04.15"]

1. e4 c6 2. d4 d5 3. f3 dxe4 4. fxe4 e5 5. Nf3 exd4 6. Bc4 Qa5+ 7. c3 Bg4 8.
Qb3 Qc7 9. O-O Bxf3 10. Rxf3 Nf6 11. Bf4 Qd7 12. cxd4 b5 13. Bd3 Qxd4+ 14. Be3
Qb4 15. Nc3 Qxb3 16. axb3 Nbd7 17. Rf5 g6 18. Rff1 Ng4 19. Bd4 Bc5 20. Ne2 Nge5
21. Rfd1 Nxd3 22. Rxd3 Ne5 23. Rc3 Bxd4+ 24. Nxd4 O-O 25. Nf3 Rfe8 26. Ra6 b4
27. Rc5 Nd3 28. Rcxc6 Rxe4 29. Rc7 Nxb2 30. Rf6 Rf8 31. Rxa7 Kg7 32. Rd6 Rc8
33. h3 h6 34. Rdd7 Rf4 35. Nd4 Re8 36. Ra2 Ree4 37. Nc2 Re2 38. Nd4 Re1+ 39.
Kh2 Rf2 40. Kg3 Ref1 41. Nf3 h5 42. Raa7 h4+ 43. Kg4 Rxg2+ 44. Kf4 g5+ 45. Ke4
Re2+ 0-1

[Event "2 Этап Кубка Москвы"]
[Site "Moscow"]
[Date "2017.04.27"]
[Round "7.13"]
[White "Kamennov, Pavel"]
[Black "Magomedov, Rustam"]
[Result "0-1"]
[WhiteElo "1695"]
[BlackElo "1635"]
[PlyCount "60"]
[EventDate "2017.04.15"]

1. d4 Nf6 2. c4 e5 3. dxe5 Ng4 4. Nf3 Nc6 5. a3 Ngxe5 6. e3 d6 7. Nc3 Be6 8.
Nd5 Nxf3+ 9. Qxf3 Ne5 10. Qe4 c6 11. Nf4 Bd7 12. Be2 Be7 13. O-O Qc7 14. Bd2 g6
15. Qc2 O-O-O 16. Rac1 h5 17. b4 Ng4 18. Qa4 g5 19. Nd3 d5 20. g3 dxc4 21. Rxc4
Be6 22. Rd4 Rxd4 23. exd4 h4 24. b5 hxg3 25. hxg3 Rh3 26. Ne5 Nxe5 27. dxe5
Qxe5 28. Bf3 Rxg3+ 29. fxg3 Bd5 30. Rf2 Bc5 0-1

[Event "2 Этап Кубка Москвы"]
[Site "Moscow"]
[Date "2017.04.29"]
[Round "8.1"]
[White "Mamatov, Melis"]
[Black "Kozlov, Vladimir N"]
[Result "0-1"]
[WhiteElo "2188"]
[BlackElo "2253"]
[PlyCount "69"]
[EventDate "2017.04.15"]

1. f4 d5 2. Nf3 c5 3. g3 Nf6 4. Bg2 Nc6 5. O-O g6 6. d3 Bg7 7. Qe1 d4 8. e4
dxe3 9. Bxe3 Nd5 10. c3 Nxe3 11. Qxe3 O-O 12. Nbd2 Bf5 13. Ne4 b6 14. h3 Qc7
15. g4 Bd7 16. Rae1 Rae8 17. Nh2 f5 18. gxf5 Bxf5 19. Ng5 e5 20. Ng4 h6 21.
Bd5+ Kh8 22. fxe5 Nxe5 23. Ne6 Bxe6 24. Rxf8+ Rxf8 25. Nxe5 Bxd5 26. Nxg6+ Kg8
27. Nxf8 Bxf8 28. Qf2 Qg7+ 29. Kf1 Bf7 30. h4 Bd6 31. Qf3 Qg6 32. Re2 Kf8 33.
Rf2 h5 34. a4 Bg3 35. Rg2 0-1

[Event "2 Этап Кубка Москвы"]
[Site "Moscow"]
[Date "2017.04.29"]
[Round "8.2"]
[White "Skvortsov, Aleksandr"]
[Black "Kovtunenko, Alexandr"]
[Result "1/2-1/2"]
[WhiteElo "2055"]
[BlackElo "2097"]
[PlyCount "143"]
[EventDate "2017.04.15"]

1. e4 c5 2. Nf3 Nc6 3. d4 cxd4 4. Nxd4 Nf6 5. Nc3 e5 6. Ndb5 d6 7. Bg5 a6 8.
Na3 b5 9. Nd5 Be7 10. Bxf6 Bxf6 11. c3 Bg5 12. Nc2 Rb8 13. Bd3 O-O 14. h4 Bh6
15. g4 Bf4 16. Qf3 Re8 17. Nxf4 exf4 18. Qxf4 Ne5 19. Be2 d5 20. Rd1 Qc7 21.
Nb4 dxe4 22. Nd5 Nf3+ 23. Kf1 Qxf4 24. Nxf4 Bxg4 25. Rd6 Ra8 26. Kg2 Red8 27.
Rxd8+ Rxd8 28. Kg3 h5 29. Rd1 Rxd1 30. Bxd1 g6 31. Nd5 Be6 32. Nf6+ Kg7 33.
Nxe4 Ne5 34. Nc5 Bxa2 35. Nxa6 Bb1 36. Be2 Bd3 37. f4 Bxe2 38. fxe5 f6 39. Kf4
Kf7 40. Nc5 Bc4 41. Ne4 fxe5+ 42. Kxe5 Bd3 43. Ng5+ Ke7 44. Ne6 Bc4 45. Nf4 Bf7
46. b4 Be8 47. Nd5+ Kf7 48. Nc7 Bd7 49. Kd6 g5 50. Kxd7 gxh4 51. Ne6 Kf6 52.
Nd4 h3 53. Nf3 Kf5 54. Nh2 Kf4 55. c4 bxc4 56. b5 c3 57. b6 c2 58. b7 c1=Q 59.
b8=Q+ Ke4 60. Qb4+ Ke3 61. Qb3+ Kf2 62. Qf3+ Ke1 63. Qf1+ Kd2 64. Nf3+ Kc2 65.
Ne1+ Kb3 66. Qb5+ Ka2 67. Nd3 Qd2 68. Qc4+ Kb1 69. Qb3+ Ka1 70. Kc8 h2 71. Qa3+
Kb1 72. Qb3+ 1/2-1/2

[Event "2 Этап Кубка Москвы"]
[Site "Moscow"]
[Date "2017.04.29"]
[Round "8.6"]
[White "Yudkevich, Mikhail"]
[Black "Melikidze, Valeriy"]
[Result "0-1"]
[WhiteElo "2062"]
[BlackElo "2060"]
[PlyCount "88"]
[EventDate "2017.04.15"]

1. d4 g6 2. c4 Bg7 3. Nf3 d6 4. g3 c5 5. d5 b5 6. cxb5 Qa5+ 7. Nfd2 Qxb5 8. Nc3
Qb7 9. Bg2 Nf6 10. O-O O-O 11. h3 a5 12. Rb1 Nfd7 13. Qc2 Na6 14. a3 Nc7 15.
Nc4 Nb6 16. Nxb6 Qxb6 17. Bf4 Rb8 18. b3 Re8 19. Rfd1 Bd7 20. Bf1 Bxc3 21. Qxc3
Bf5 22. Rbc1 Qxb3 23. Qxa5 Nxd5 24. Bh6 Ra8 25. Qd2 Nf6 26. Rc3 Qe6 27. Re3 Qd7
28. g4 Be6 29. Bg2 Rab8 30. g5 Nh5 31. Bf3 Ng7 32. Bxg7 Kxg7 33. h4 Qa4 34. Be4
Rb3 35. Rxb3 Bxb3 36. Rb1 Qxe4 37. Rxb3 Qxh4 38. Qb2+ Kg8 39. Rb8 Qxg5+ 40. Kf1
Rxb8 41. Qxb8+ Kg7 42. Qb2+ f6 43. a4 Qd5 44. a5 Qh1# 0-1